000 00844nam a2200193Ia 4500
003 GCL
008 140319s9999 xx 000 0 ara d
040 _aGCL /
_cGCL
082 0 4 _aط
_b813.02
_bح ا
100 1 _aحمدى عمارة
245 1 0 _aاقاصيص عالمية للاطفال : صفوان البهلوان-فكرة الغزالة-احلام الديك الصغير-ام الكتاكيت-حدث خطير فى شجرة العصافير-من الاقوى-اغاريد العندليب-وفاء الارنب /
_cحمدى عمارة
260 _aالقاهرة :
_bدار الفكر العربى ،
_c1991
300 _aمتعدد ؛
_c24 سم
490 _aاقاصيص عالمية للاطفال
_v0
650 0 4 _aالاطفال
650 0 4 _aقصص الاطفال
650 0 4 _aالقصص الخرافية
942 _2ddc
_cBK
999 _c56677
_d56677